[Event "Campeonato de Chile 2009"]
[Site "Estadio Español"]
[Date "2009-02-21"]
[Round "10"]
[White "Rios Escobar, Adan Humberto"]
[Black "Zapata Ferrada, Marco Eduardo"]
[Result "1/2-1/2"]
[WhiteElo "2280"]
[BlackElo "2375"]

 1.e4 e5 2.f4 d5 3.exd5 e4 4.d3 Nf6 5.Qe2 Bg4 6.Nf3 Qxd5 7.Nbd2 Bf5 8.dxe4 Nxe4 9.Ng5 Nc6 10.Ngxe4 O-O-O 11.Qc4 Qxc4 12.Bxc4 Bxe4 13.Nxe4 Re8 14.Bxf7 Rxe4+ 15.Kf2 Bc5+ 16.Kg3 Rd8 17.Bh5 Nd4 18.Bg4+ Kb8 19.Rd1 Ree8 20.c3 Nf5+ 21.Kh3 Rxd1 22.Bxd1 Re1 23.Bc2 g6 24.Rb1 Nd6 25.g3 a5 26.a3 b5 27.Bd2 Re2 28.b4 axb4 29.axb4 Bf2 30.Rd1 Nc4 31.f5 gxf5 32.Bxf5 Nxd2 33.Bd3 Re3 34.Rxd2 Be1 35.Rd1 Bxc3 36.Bxb5 Bxb4 37.Bc6 Bd6 38.Rd5 Ka7 39.Rh5 Re7 40.Bd5 Rg7 41.Be4 Kb6 42.Rxh7 Rg5 43.Kg2 Kc5 44.Bf3 Kd4 45.Rd7 Ke3 46.Rd8 Rb5 47.Re8+ Be5 48.Bc6 Rb2+ 49.Kh3 Kd4 50.Re6 Rc2 51.Rh6 Ke3 52.Kg4 Bd6 53.Bd5 Rd2 54.Ba8 Ra2 55.Rh8 Ra4+ 56.Kh3 Ra2 57.Re8+ Kf2 58.Bc6 Kg1 59.Re1+ Kf2 60.Rc1 Ke3 61.Bb5 Ke4 62.Bc4 Rd2 63.Ra1 Kf5 64.Ra2 Rxa2 65.Bxa2 Kg5 66.Kg2 Kg4 67.Be6+ Kg5 68.Kf3 Kh5 69.Bd5 Kg5 70.h4+ Kh5 71.Bf7+ Kh6 72.g4 Be7 73.Kg3 Bd6+

[Event "Campeonato de Chile 2009"]
[Site "Estadio Español"]
[Date "2009-02-21"]
[Round "10"]
[White "Elias Valenzuela, Arturo"]
[Black "López Silva, Hugo Andres"]
[Result "1/2-1/2"]
[WhiteElo "2112"]
[BlackElo "2376"]

 1.d4 Nf6 2.c4 g6 3.Nc3 Bg7 4.e4 d6 5.Nf3 O-O 6.Be2 c5 7.O-O Bg4 8.dxc5 dxc5 9.Be3 Nfd7 10.h3 Bxf3 11.Bxf3 Nc6 12.Bg4 Nd4 13.Bxd7 Qxd7 14.Qc1 Qe6

[Event "Campeonato de Chile 2009"]
[Site "Estadio Español"]
[Date "2009-02-21"]
[Round "10"]
[White "Cuevas Araya, Walter"]
[Black "García Cardenas, Pablo"]
[Result "1/2-1/2"]
[WhiteElo "2182"]
[BlackElo "2194"]

 1.e4 d5 2.exd5 Qxd5 3.Nc3 Qa5 4.d4 Nf6 5.Nf3 c6 6.Bc4 Bf5 7.Bd2 e6 8.Qe2 Bb4 9.O-O-O Nbd7 10.a3 Bxc3 11.Bxc3 Qc7 12.Ne5 Nxe5 13.dxe5 Nd5 14.Bd2 O-O-O 15.g4 Bg6 16.f4 h5 17.h3 Qe7 18.Qf2 hxg4 19.hxg4 Nb6 20.Bb4 Rxd1+ 21.Rxd1 Qh4 22.Qd4 Qxg4 23.Ba5 Qg2 24.Bb3 Qe4 25.Qd6 Qe3+ 26.Bd2 Qg3 27.Ba5 Qxf4+ 28.Kb1 Qg5 29.Rd4 Rd8 30.Bxe6+ fxe6 31.Qxe6+ Kc7 32.Rxd8 Kxd8 33.Qd6+ Kc8 34.Qe6+ Kc7 35.Qd6+ Kc8

[Event "Campeonato de Chile 2009"]
[Site "Estadio Español"]
[Date "2009-02-21"]
[Round "10"]
[White "Alarcon Bahamondes, Roberto"]
[Black "Mesias Rojas, Rabindranath"]
[Result "1/2-1/2"]
[WhiteElo "2116"]
[BlackElo "2269"]

 1.c4 c5 2.Nc3 Nc6 3.Nf3 g6 4.d4 cxd4 5.Nxd4 Bg7 6.e3 Nf6 7.Be2 O-O 8.O-O b6 9.Bf3 Bb7 10.b3 a6 11.Bb2 Qc7 12.Rc1 Nxd4 13.Qxd4 Bxf3 14.gxf3 e5 15.Qd3 Qc6 16.Kg2 Qe6 17.Rfd1 e4 18.Qe2 Rfc8 19.Rd4 Rc5 20.h4 exf3+ 21.Qxf3 Re8 22.Rcd1 Rf5 23.Rf4 Rxf4 24.Qxf4 Qc6+ 25.Qf3 Ne4 26.Na4 Re6 27.Bxg7 Kxg7 28.Rd4 b5 29.Nb2 Nc3 30.Qxc6 dxc6 31.a3 c5 32.Rd7 Rb6 33.Rd3 Ne4 34.cxb5 axb5 35.a4 Nd6 36.axb5 Nf5 37.h5 Rxb5 38.hxg6 hxg6 39.Rc3 Nd6 40.f3 Kf6 41.Nd3 Nb7 42.Kg3 Ke6 43.e4 Kd6 44.Kf4 Na5 45.Nxc5

[Event "Campeonato de Chile 2009"]
[Site "Estadio Español"]
[Date "2009-02-21"]
[Round "10"]
[White "Silva Sanchez, Carlos"]
[Black "Llorens Sepulveda, Marcelo"]
[Result "1-0"]
[WhiteElo "2388"]
[BlackElo "2353"]

 1.Nf3 Nf6 2.c4 g6 3.g3 Bg7 4.Bg2 O-O 5.O-O d6 6.d4 c5 7.Nc3 Nc6 8.d5 Na5 9.Nd2 b6 10.Qc2 Rb8 11.b3 a6 12.a4 e6 13.Bb2 e5 14.Nd1 Nh5 15.e3 f5 16.f4 Qe7 17.Nf2 Bd7 18.Rfe1 g5 19.Nh3 h6 20.Bc3 Nb7 21.Bf1 a5 22.Rad1 Rf7 23.Be2 g4 24.Nf2 e4 25.Kg2 Bxc3 26.Qxc3 Rg7 27.Rh1 Rf8 28.Rdg1 Nf6 29.h3 gxh3+ 30.Rxh3 Rh7 31.Kf1 h5 32.Ke1 Nd8 33.Nf1 Be8 34.Rgh1 Bg6 35.Rh4 Nf7 36.Nh3 Ng4 37.Kd2 Rg7 38.Qa1 Nfh6 39.Ng5 Be8 40.Bxg4 fxg4 41.Qb2 Rf6 42.Ke1 Nf5 43.R4h2 Bg6 44.Kf2 Nh6 45.Kg1 Rf5 46.Rxh5 Bxh5 47.Rxh5 Rg6 48.Qh2 Qg7 49.Qh4 Qf6 50.Nxe4 Qxh4 51.Rxh4 Rf8 52.Ng5 Nf5 53.Rxg4 Re8 54.e4 Nd4 55.Nd2 Re7 56.Kf2 Reg7 57.Rh4 Rf6 58.Ngf3 Nc2 59.e5 Rfg6 60.Ne4 Nb4 61.f5

[Event "Campeonato de Chile 2009"]
[Site "Estadio Español"]
[Date "2009-02-22"]
[Round "11"]
[White "Llorens Sepulveda, Marcelo"]
[Black "Arancibia Guzman, Eduardo"]
[Result "1/2-1/2"]
[WhiteElo "2353"]
[BlackElo "2389"]

 1.e4 c5 2.Nf3 d6 3.d4 cxd4 4.Nxd4 Nf6 5.Nc3 a6 6.Bg5 e6 7.f4 Qc7 8.Bxf6 gxf6 9.Qd2 Bd7 10.O-O-O Nc6 11.Nb3 Rc8 12.Kb1 Be7 13.Be2 h5 14.h4 Na5 15.f5 Nxb3 16.axb3 Qc5 17.Bf3 b5 18.Rhe1 Qe5 19.Ne2 Bf8 20.Nd4 Bh6 21.Qd3 Bf8 22.Qe2 Qc5 23.Bxh5 Ke7 24.g4 e5 25.Nf3 Bc6 26.Rd2 a5 27.Red1 Ke8 28.Rd5 Qb6 29.R5d3 b4 30.Nd2 Bb5 31.Nc4 Rxc4 32.bxc4 Bxc4 33.Qd2 Bxd3 34.Qxd3 Be7 35.Qd5 Rh7 36.Qa8+ Bd8 37.Qc8 Ke7 38.Rd5 a4 39.Qc4 b3 40.cxb3 axb3 41.Rd3 Qg1+ 42.Qc1 Qg2 43.Rxb3 Qxe4+ 44.Ka2 Qa8+ 45.Ra3 Qd5+ 46.Ka1 Bb6 47.Qc8 Qd1+ 48.Ka2 Qd5+ 49.Kb1 Qd1+ 50.Ka2 Qd5+ 51.Kb1

[Event "Campeonato de Chile 2009"]
[Site "Estadio Español"]
[Date "2009-02-22"]
[Round "11"]
[White "Mesias Rojas, Rabindranath"]
[Black "Silva Sanchez, Carlos"]
[Result "0-1"]
[WhiteElo "2269"]
[BlackElo "2388"]

 1.f4 g6 2.Nf3 d5 3.e3 Bg7 4.Be2 Nh6 5.O-O O-O 6.d4 Nd7 7.Qe1 c5 8.c3 b6 9.h3 Bb7 10.g4 e6 11.Nbd2 f5 12.g5 Nf7 13.Qg3 Qc8 14.Rf2 Ba6 15.Bd1 Qc7 16.h4 Nd6 17.h5 Rfc8 18.hxg6 hxg6 19.Nh4 Kf7 20.Rh2 Rh8 21.Ndf3 Ne4 22.Qg2 Rag8 23.Bd2 Bd3 24.Be1 Nf8 25.Be2 Bxe2 26.Qxe2 Nd7 27.a4 a5 28.Nd2 Rc8 29.Nxe4 dxe4 30.Qb5 Qc6 31.Qxc6 Rxc6 32.Ng2 Rhc8 33.Bd2 Nb8 34.Kf2 Na6 35.Rah1 Nc7 36.Rh7 Kg8 37.Nh4 Kf7 38.dxc5 Rxc5 39.c4 Rxc4 40.Bc3 Rxc3 41.bxc3 Nd5 42.Ng2 Rxc3 43.R1h6 Rc2+ 44.Kg3 Rd2 45.Rh3 Kg8 46.Kh2 Ra2 47.Kg3 Rxa4 48.R7h4 Ra3 49.Kf2 Ra2+ 50.Kg3 Re2 51.Rh1 b5 52.Rc1 Bc3 53.Rh6 Kg7 54.Rxc3 Nxc3 55.Nh4 Nd5 56.Rxg6+ Kf7 57.Rh6 Nxe3 58.Rf6+ Ke8 59.Kh3 Rh2+

[Event "Campeonato de Chile 2009"]
[Site "Estadio Español"]
[Date "2009-02-22"]
[Round "11"]
[White "García Cardenas, Pablo"]
[Black "Alarcon Bahamondes, Roberto"]
[Result "1/2-1/2"]
[WhiteElo "2194"]
[BlackElo "2116"]

 1.e4 c6 2.d4 d5 3.exd5 cxd5 4.c4 Nc6 5.Nc3 e6 6.Nf3 Nf6 7.c5 Ne4 8.Bb5 Nxc3 9.bxc3 Qa5 10.Qd3 Bd7 11.O-O Be7 12.Re1 O-O 13.Bxc6 Bxc6 14.Ne5 Rfc8 15.f4 b6 16.cxb6 Bb5 17.Qg3 Rxc3 18.Bd2 Rxg3 19.Bxa5 axb6 20.hxg3 bxa5 21.Reb1 Bb4 22.Rb3 Bc4 23.Rf3 Be2 24.Re3 Bb5 25.Nf3 Rc8 26.Rb1 Be8 27.a3 Bd6 28.Rb6 Bf8 29.Rbb3 a4 30.Rb1 Bd7 31.Rb7 Be8 32.Rb1 Bd7 33.Rb7

[Event "Campeonato de Chile 2009"]
[Site "Estadio Español"]
[Date "2009-02-22"]
[Round "11"]
[White "López Silva, Hugo Andres"]
[Black "Cuevas Araya, Walter"]
[Result "1/2-1/2"]
[WhiteElo "2376"]
[BlackElo "2182"]

 1.e4 c6 2.d4 d5 3.exd5 cxd5 4.c4 Nf6 5.Nc3 Nc6 6.Nf3 Bg4 7.cxd5 Nxd5 8.Qb3 Bxf3 9.gxf3 e6 10.Qxb7 Nxd4 11.Bb5+ Nxb5 12.Qc6+ Ke7 13.Qxb5 Nxc3 14.bxc3 Rb8 15.Qc5+ Ke8 16.Qxa7 Bd6 17.Qa4+ Qd7 18.Qxd7+

[Event "Campeonato de Chile 2009"]
[Site "Estadio Español"]
[Date "2009-02-22"]
[Round "11"]
[White "Zapata Ferrada, Marco Eduardo"]
[Black "Elias Valenzuela, Arturo"]
[Result "1-0"]
[WhiteElo "2375"]
[BlackElo "2112"]

 1.f4 d5 2.Nf3 Nf6 3.b3 c5 4.Bb2 Nc6 5.e3 e6 6.Bb5 Be7 7.Bxc6+ bxc6 8.Ne5 Qc7 9.O-O O-O 10.Rf3 Nd7 11.Rh3 Bf6 12.Qh5 h6 13.Ng4 d4 14.Nxh6+

[Event "Campeonato de Chile 2009"]
[Site "Estadio Español"]
[Date "2009-02-22"]
[Round "11"]
[White "Farfán Ortiz, Enrique Alfredo"]
[Black "Rios Escobar, Adan Humberto"]
[Result "0-1"]
[WhiteElo "2242"]
[BlackElo "2280"]

 1.e4 g6 2.d4 Bg7 3.Nc3 c6 4.Nf3 d5 5.h3 Nh6 6.Bd3 O-O 7.O-O dxe4 8.Nxe4 Nf5 9.c3 a5 10.Bf4 Na6 11.Re1 Nc7 12.Be5 Nd5 13.Bxg7 Kxg7 14.Qd2 Qc7 15.g3 Rd8 16.Rad1 b6 17.Qe2 h5 18.h4 Ra7 19.Bb1 Nh6 20.c4 Nf6 21.Nxf6 exf6 22.Nh2 Nf5 23.Nf3 Nd6 24.Nd2 Bg4 25.f3 Bf5 26.Kg2 Qc8 27.b3 b5 28.Bxf5 Nxf5 29.Ne4 Rad7 30.c5 Qc7 31.f4 Re7 32.Qf2 Qd7 33.Nc3 Rde8 34.Rxe7 Rxe7 35.Rd3 b4 36.Na4 Qe8 37.Kf1 Ne3+ 38.Kg1 Ng4 39.Qf3 Re1+ 40.Kg2 Re2+ 41.Kg1 Nh2